Les controverses des politiques français - Jean-Luc Mélenchon #3 - Statistiques

Statistiques générales
  • Ce quiz a été pris 47 fois
  • Le résultat moyen est 2 sur 7
Statistiques - réponses
Indice Réponse % Correct
En octobre 2018, au siège de La France insoumise et à son domicile, Mélenchon a été filmé en train de confronter les policiers, et de sortir son meilleur "La République, c'est moi !". Quel était la raison de la présence des policiers ? Perquisition
70%
Le 28 octobre 2021, Jean-Luc Mélenchon déclare, à propos d'Éric Zemmour : « Il reproduit beaucoup de scénarios culturels [de sa religion] : « on ne change rien à la tradition, on ne bouge pas, oh mon dieu la créolisation quelle horreur… » Et tout ça, ce sont des traditions qui sont beaucoup liées à sa religion. Ça a ses mérites, ça lui a permis de survivre dans l'histoire… » Antisémitisme
51%
En avril 2018, Jean-Luc Mélenchon présente une association légitime comme une « secte communautariste » coupable d'une « allégeance de principe à un gouvernement étranger et à sa politique ». Pierre-André Taguieff estime qu'« on ne voit pas, sur [le] thème [de la réponse], ce qui le distingue d'un Dieudonné ou d'un Soral ». (Donnez l'anagramme de l'association) CRIF
38%
Mélenchon a été critiqué pour certaines de ses prises de position sur les actes commis sur les policiers lors de manifestations, et par les policiers, et même appelé par certains d'attiser les braises et de vouloir le chaos. Il parlait ainsi des... (2 mots) violences policières
32%
il traite des journalistes de « fachos », ajoutant que « ce sont des animateurs et pas des journalistes qui font dans la provocation ». Cette sortie fait suite à une série de boycotts des équipes de l'émission dans les meetings du candidat. (Donnez le nom du journal) Petit Journal
11%
Guénolé dépeint lé LFI comme un simulacre de démocratie interne et comme une organisation despotique. Il attaque Mélenchon sur sa façon de régir au sein du parti, lui attribuant même le terme d'... Autocratie
3%
Jean-Luc Mélenchon est parfois accusé de porter un discours dénué de vérité, voire rouge-brun, par exemple lorsqu'il met en cause les dominations respectives des « oligarques » dans le champ des médias, et des États-Unis dans les relations internationales Conspirationnisme
3%
Aucun quiz correspondant
Distribution des résultats
% des personnes avec chaque résultat
Percentile par nombre de réponses
Votre historique - résultats
Vous n’avez pas pris ce quiz